Chuck Norris Facts #2 - Statistics

General Stats
  • This quiz has been taken 49 times
  • The average score is 11 of 21
Answer Stats
Hint Answer % Correct
_____ once had a near-Chuck Norris experience. Death
95%
When Chuck Norris does a ____-__, he isn’t lifting himself up. He’s pushing the Earth down. Push-up
95%
When Chuck Norris jumps into a ____, he doesn’t get wet. The water gets Chuck Norris. Pool
92%
___ waits for no man. Unless that man is Chuck Norris. Time
84%
Chuck Norris’ calendar goes straight from March 31st to April 2nd, because no one _____ Chuck Norris. Fools
66%
There is no theory of evolution, just a list of _______ Chuck Norris allows to live. Animals
61%
The ___ gets a Chuck Norris shot every year. Flu
61%
Chuck Norris doesn't own a stove, oven or microwave because ________ is a dish best served cold. Revenge
61%
If it looks like chicken, tastes like chicken, and feels like chicken, but Chuck Norris says it’s ____, it’s ____. Beef
58%
When Chuck Norris goes swimming, ______ get out of the ocean. Sharks
58%
Chuck Norris can dribble a _______ ball. Bowling
55%
Chuck Norris destroyed the periodic table. He only recognizes the element of ________. Surprise
50%
When the _________ goes to bed at night, he checks under his bed for Chuck Norris. Boogeyman
47%
If ________ and the Flash race to the end of space, who would win? Chuck Norris. Superman
42%
There is no chin behind Chuck Norris’ beard. There is only another ____ Fist
37%
______ _______ doesn't exist. Chuck Norris got cold so he turned the sun up. Global warming
34%
Chuck Norris doesn't ____ _____. He stares at them until he gets the information he wants. Read books
34%
Chuck Norris once kicked a horse in the chin. Its descendants are now known as ________. Giraffes
29%
They once made a Chuck Norris ______ _____, but it wouldn't take crap from anybody. Toilet paper
21%
Chuck Norris likes his meat so rare he only eats ________. Unicorns
13%
Chuck Norris can ______ the Recycling Bin. Delete
5%
No matching quizzes found
Score Distribution
Percent of People with Each Score
Percentile by Number Answered
Your Score History
You have not taken this quiz